[Event "TUR-chT 2nd League"]
[Site "Konya"]
[Date "2022.08.25"]
[Round "6.10"]
[White "Aluc, Bulut Evrim"]
[Black "Ozdemir, Umut"]
[Result "0-1"]
[WhiteElo "1680"]
[BlackElo "1616"]
[PlyCount "68"]
[EventDate "2022.08.22"]
[EventType "team-swiss"]
[EventRounds "9"]
[EventCountry "TUR"]
[SourceTitle "CBM 210 Extra"]
[Source "ChessBase"]
[SourceDate "2022.11.30"]
[SourceVersion "1"]
[SourceVersionDate "2022.11.30"]
[SourceQuality "1"]
[WhiteTeam "Karaman Yunus Emre"]
[BlackTeam "Hayat"]
[WhiteTeamCountry "TUR"]
[BlackTeamCountry "TUR"]

1. d4 Nf6 2. c4 e6 3. Nc3 d5 4. Nf3 Be7 5. e3 c6 6. Bd3 dxc4 7. Bxc4 b5 8. Bd3 a6 9. 0-0 Nbd7 10. e4 b4 11. Na4 0-0 12. h3 Bb7 13. Bf4 Rc8 14. Qe2 Re8 15. e5 Nd5 16. Qe4 Nf8 17. Rac1 c5 18. Bd2 cxd4 19. Nxd4 Qd7 20. b3 Nc3 21. Qg4 h5 22. Qf4 Nxa4 23. bxa4 Qd5 24. f3 Bg5 25. Qxg5 Qxd4+ 26. Qe3 Rcd8 27. Rc7 Qxe3+ 28. Bxe3 Rxd3 29. Bc5 Bd5 30. Rf2 Ra3 31. Rb2 Rxa4 32. Bxb4 Rxa2 33. Rb1 Ng6 34. Bd6 Nf4 0-1

[Event "TUR-chT 2nd League"]
[Site "Konya"]
[Date "2022.08.24"]
[Round "4.12"]
[White "Kayan, Veli"]
[Black "Ozdemir, Umut"]
[Result "1-0"]
[WhiteElo "1856"]
[BlackElo "1616"]
[PlyCount "97"]
[EventDate "2022.08.22"]
[EventType "team-swiss"]
[EventRounds "9"]
[EventCountry "TUR"]
[SourceTitle "CBM 210 Extra"]
[Source "ChessBase"]
[SourceDate "2022.11.30"]
[SourceVersion "1"]
[SourceVersionDate "2022.11.30"]
[SourceQuality "1"]
[WhiteTeam "Cigli Batubey"]
[BlackTeam "Hayat"]
[WhiteTeamCountry "TUR"]
[BlackTeamCountry "TUR"]

1. e4 e6 2. d4 d5 3. Nc3 Bb4 4. e5 c5 5. a3 Bxc3+ 6. bxc3 Qc7 7. Nf3 Ne7 8. Be2 Nbc6 9. 0-0 h6 10. Re1 c4 11. Nd2 Bd7 12. Nf1 0-0-0 13. a4 Qa5 14. Qd2 g5 15. Ng3 Rdg8 16. Nh5 Nf5 17. Nf6 Rg7 18. Rd1 Nce7 19. Ba3 Ng6 20. Nxd7 Kxd7 21. Rdb1 Qc7 22. Bg4 Nge7 23. Rb5 a6 24. Rb2 h5 25. Bxf5 Nxf5 26. Rab1 Rb8 27. Rb6 Rg6 28. Qc1 h4 29. Bd6 Nxd6 30. exd6 Qc8 31. a5 f6 32. Qb2 Rg8 33. Kf1 Re8 34. Qb4 f5 35. Qa4+ Kd8 36. Qb4 Kd7 37. Re1 Rg8 38. f3 Rg7 39. Rb1 Rg8 40. Ke2 Re8 41. Kd2 Rg8 42. Re1 Rg7 43. Qa4+ Kd8 44. d7 Qc7 45. Rexe6 Qf4+ 46. Kd1 Rxd7 47. Qb4 Qxh2 48. Qf8+ Kc7 49. Rec6+ 1-0

[Event "TUR-chT 2nd League"]
[Site "Konya"]
[Date "2022.08.23"]
[Round "2.13"]
[White "Gazioglu, Halit"]
[Black "Ozdemir, Umut"]
[Result "1-0"]
[WhiteElo "1846"]
[BlackElo "1616"]
[PlyCount "115"]
[EventDate "2022.08.22"]
[EventType "team-swiss"]
[EventRounds "9"]
[EventCountry "TUR"]
[SourceTitle "CBM 210 Extra"]
[Source "ChessBase"]
[SourceDate "2022.11.30"]
[SourceVersion "1"]
[SourceVersionDate "2022.11.30"]
[SourceQuality "1"]
[WhiteTeam "Gaziantep Sader"]
[BlackTeam "Hayat"]
[WhiteTeamCountry "TUR"]
[BlackTeamCountry "TUR"]

1. d4 Nf6 2. Nf3 e6 3. c4 d5 4. Nc3 Be7 5. e3 0-0 6. Be2 c6 7. 0-0 dxc4 8. Bxc4 b5 9. Bd3 Bb7 10. e4 a6 11. e5 Nd5 12. Ne4 Nd7 13. Bg5 Rc8 14. Nd6 Rc7 15. Bd2 Ba8 16. Ba5 N7b6 17. Be4 Rd7 18. Qc2 h6 19. Bxd5 cxd5 20. Bxb6 Qxb6 21. Nc8 Qc7 22. Qxc7 Rxc7 23. Nxe7+ Rxe7 24. Rfc1 f6 25. Rc5 Kf7 26. Rac1 Bb7 27. b4 Kg6 28. Kf1 Kf5 29. R1c3 Rfe8 30. Nh4+ Kg5 31. g3 Kg4 32. Ng6 Rd7 33. Re3 Kg5 34. Nh4 Rde7 35. h3 Rc8 36. f4+ Kh5 37. f5 Ree8 38. exf6 gxf6 39. fxe6 Rxc5 40. bxc5 Bc8 41. Nf5 Kg5 42. Nd6 Rxe6 43. Rxe6 Bxe6 44. h4+ Kg4 45. Kf2 b4 46. c6 a5 47. Nb7 Bc8 48. Nxa5 Kf5 49. Kf3 Ba6 50. Nb7 h5 51. Nc5 Bc8 52. Nd3 Ke6 53. Nxb4 Kd6 54. Kf4 Be6 55. a4 Kc7 56. a5 Kd6 57. a6 Kc7 58. a7 1-0

[Event "TUR-chT 2nd League"]
[Site "Konya"]
[Date "2019.07.25"]
[Round "5.13"]
[White "Alkan, Ferman"]
[Black "Ozdemir, Umut"]
[Result "1-0"]
[WhiteElo "1898"]
[BlackElo "1382"]
[PlyCount "128"]
[EventDate "2019.07.22"]
[EventType "team-swiss"]
[EventRounds "9"]
[EventCountry "TUR"]
[SourceTitle "CBM 191 Extra"]
[Source "ChessBase"]
[SourceDate "2019.09.30"]
[SourceVersion "1"]
[SourceVersionDate "2019.09.30"]
[SourceQuality "1"]
[WhiteTeam "Gaziantep Sader"]
[BlackTeam "Hayat Genclik"]
[WhiteTeamCountry "TUR"]
[BlackTeamCountry "TUR"]

1. d4 Nf6 2. c4 e6 3. Nc3 d5 4. Nf3 Be7 5. Bg5 h6 6. Bh4 0-0 7. e3 b6 8. Ne5 Bb7 9. Be2 Nfd7 10. Bxe7 Qxe7 11. Nxd7 Nxd7 12. 0-0 Rfd8 13. Bf3 Nf6 14. Rc1 Rac8 15. Qa4 a6 16. b4 c5 17. bxc5 bxc5 18. cxd5 cxd4 19. Qxd4 exd5 20. Rfd1 Ne4 21. Nxd5 Bxd5 22. Rxc8 Rxc8 23. Qxd5 Nc3 24. Qb7 Qxb7 25. Bxb7 Rb8 26. Rd7 a5 27. g3 a4 28. a3 f6 29. Rc7 Nb5 30. Bd5+ Kh8 31. Rc4 Rd8 32. Be4 Nxa3 33. Rxa4 Nb5 34. Bc6 Nd6 35. Kg2 Kg8 36. Bd5+ Nf7 37. e4 Kf8 38. f4 Rd7 39. Ra8+ Nd8 40. Kf3 f5 41. Be6 Rd3+ 42. Ke2 fxe4 43. Bf5 Ke7 44. Ra7+ Kf6 45. Bxe4 Rd6 46. g4 Ne6 47. Ke3 Rb6 48. Bd5 Rd6 49. Ba2 g6 50. h4 Rc6 51. Ke4 Rc7 52. Ra6 Rc8 53. Rxe6+ Kg7 54. Re7+ Kh8 55. Ke3 Rc6 56. Be6 h5 57. Re8+ Kg7 58. gxh5 gxh5 59. Rg8+ Kh7 60. Rg5 Kh6 61. f5 Rc1 62. f6 Rb1 63. f7 Re1+ 64. Kf4 Kh7 1-0

[Event "TUR-chT 2nd League"]
[Site "Konya"]
[Date "2019.07.23"]
[Round "2.12"]
[White "Ozdemir, Umut"]
[Black "Arslan, Muhammed Emin"]
[Result "0-1"]
[WhiteElo "1382"]
[BlackElo "1529"]
[PlyCount "67"]
[EventDate "2019.07.22"]
[EventType "team-swiss"]
[EventRounds "9"]
[EventCountry "TUR"]
[SourceTitle "CBM 191 Extra"]
[Source "ChessBase"]
[SourceDate "2019.09.30"]
[SourceVersion "1"]
[SourceVersionDate "2019.09.30"]
[SourceQuality "1"]
[WhiteTeam "Hayat Genclik"]
[BlackTeam "Ceylanpinar Genclik"]
[WhiteTeamCountry "TUR"]
[BlackTeamCountry "TUR"]

1. e4 d5 2. exd5 Nf6 3. Bb5+ Bd7 4. Bc4 Bg4 5. f3 Bf5 6. Nc3 Nbd7 7. Nge2 Nb6 8. d3 Nfxd5 9. Nxd5 Nxd5 10. 0-0 Qd7 11. Re1 0-0-0 12. Bxd5 Qxd5 13. Nc3 Qd7 14. Be3 e5 15. a4 a6 16. Qe2 f6 17. Bf2 g5 18. Red1 g4 19. Rf1 Rg8 20. Ne4 Qc6 21. Bh4 Be7 22. Kh1 gxf3 23. Qxf3 Bxe4 24. dxe4 Rd2 25. Bg3 Rxc2 26. Qf5+ Qd7 27. Qxh7 Rd8 28. Qf5 Qxf5 29. Rxf5 Rxb2 30. Bh4 Rd6 31. Raf1 c5 32. Bxf6 Rxf6 33. Rxf6 Bxf6 34. Rxf6 0-1